000 00312nam a22001457a 4500
003 SGT
020 _a978-93-81484-06-7
082 _a615.53
_bB19K
100 _aKATYAYAN, ABHAY
245 _aBALTANTRAM
260 _aVARANASI
_bCHAUKHAMBA PUB
_c2109
300 _a178
650 _aAYURVEDA
942 _2ddc
_cBK
_01
999 _c16533
_d16533